<?xml version="1.0" encoding="UTF-8"?>
<collection xmlns="http://www.loc.gov/MARC21/slim">
  <record>
    <leader>00000nam  2200000   4500</leader>
    <controlfield tag="001">INLIS000000000010619</controlfield>
    <controlfield tag="005">20240430013908</controlfield>
    <datafield tag="035" ind1="#" ind2="#">
      <subfield code="a">0010-0424000179</subfield>
    </datafield>
    <controlfield tag="007">ta</controlfield>
    <controlfield tag="008">240430################g##########0#ind##</controlfield>
    <datafield tag="020" ind1="#" ind2="#">
      <subfield code="a">978-602-19198-3-5</subfield>
    </datafield>
    <datafield tag="082" ind1="#" ind2="#">
      <subfield code="a">899.2217</subfield>
    </datafield>
    <datafield tag="084" ind1="#" ind2="#">
      <subfield code="a">899.2217 KOL t</subfield>
    </datafield>
    <datafield tag="100" ind1=" " ind2="#">
      <subfield code="a">KOLELL</subfield>
    </datafield>
    <datafield tag="245" ind1="1" ind2="#">
      <subfield code="a">Tebak-Tebakan Gokil Dosis Tinggi /</subfield>
      <subfield code="c">Kolell</subfield>
    </datafield>
    <datafield tag="250" ind1="#" ind2="#">
      <subfield code="a">Cet. 1</subfield>
    </datafield>
    <datafield tag="260" ind1="#" ind2="#">
      <subfield code="a">Jakarta :</subfield>
      <subfield code="b">Agogos Publishing,</subfield>
      <subfield code="c">2011</subfield>
    </datafield>
    <datafield tag="300" ind1="#" ind2="#">
      <subfield code="a">iv, 116 halaman :</subfield>
      <subfield code="b">gambar ;</subfield>
      <subfield code="c">11x18 cm</subfield>
    </datafield>
    <datafield tag="650" ind1="#" ind2="4">
      <subfield code="a">Humor Indonesia</subfield>
    </datafield>
    <datafield tag="650" ind1="#" ind2="4">
      <subfield code="a">Sumbangan Pegawai 2024</subfield>
    </datafield>
    <datafield tag="520" ind1="#" ind2="#">
      <subfield code="a">Buku ini berisi beberapa tebak-tebakan, pantun humor, cerita humor, kamus emoticon / ekspresi sms, kamus singkatan gaul (Inggris-Indonesia), daftar singkatan gaul (Inggris-Indonesia). Tebak-tebakan misalnya Game apa yang sangat mengerikan? Gamepa bumi (gempa bumi). Pantun Humor contohnya Jalan-jalan ke padang pasir, Jangan lupa membeli sisir, kalau ada cewek yang ditaksir jalannya cengar-cengir.</subfield>
    </datafield>
    <datafield tag="856" ind1="#" ind2="#">
      <subfield code="a">OPAC (Rak Pojok Baca Perpustakaan-TIA)</subfield>
    </datafield>
    <datafield tag="990" ind1="#" ind2="#">
      <subfield code="a">28/SP-24</subfield>
    </datafield>
  </record>
</collection>
